La escuela inglesa de pintura /
Guardado en:
| Autor Principal: | |
|---|---|
| Formato: | Libro |
| Publicado: |
España :
Ediciónes Garriga,
1964
|
| Materias: | |
| Etiquetas: |
Agregar Etiqueta
Sin Etiquetas, Sea el primero en etiquetar este registro!
|
| LEADER | 00462nam a22001695a 4500 | ||
|---|---|---|---|
| 001 | CEM.cems007361 | ||
| 005 | 20060214000000.0 | ||
| 008 | 130507s1964##################000#0#####d | ||
| 003 | CEMS | ||
| 082 | 0 | 4 | |a 759.2 |
| 100 | 1 | |a Digeon, Aurelien | |
| 245 | 1 | 0 | |a La escuela inglesa de pintura / |
| 260 | |a España : |b Ediciónes Garriga, |c 1964 | ||
| 300 | |a 139 p. | ||
| 653 | |a Pintura | ||
| 653 | |a Pintura inglesa | ||
| 859 | |a CEMS |b BIB. CEMS - 11 de abril |h 759.2 |i D569 |p 17205.93 |t Ej.1 | ||
